El mensajero de Agartha 7: (Registro nro. 13691)

000 -CABECERA
campo de control de longitud fija 01769nam a2200289 a 4500
001 - NÚMERO DE CONTROL
campo de control 1612761
003 - IDENTIFICADOR DEL NÚMERO DE CONTROL
campo de control OSt
005 - FECHA Y HORA DE LA ÚLTIMA TRANSACCIÓN
campo de control 20210804133004.0
008 - DATOS DE LONGITUD FIJA--INFORMACIÓN GENERAL
campo de control de longitud fija 190211s2018 ck a gr 000 f spa d
020 ## - NÚMERO INTERNACIONAL ESTÁNDAR DEL LIBRO
Número Internacional Estándar del Libro 9789584261649
040 ## - FUENTE DE LA CATALOGACIÓN
Centro catalogador/agencia de origen CO-BoBLA
Lengua de catalogación spa
Centro/agencia transcriptor CO-MqBPB
043 ## - CÓDIGO DE ÁREA GEOGRÁFICA
Código de área geográfica s-ck---
082 04 - NÚMERO DE LA CLASIFICACIÓN DECIMAL DEWEY
Número de clasificación JN
Número de documento/Ítem MENm
100 1# - ENTRADA PRINCIPAL--NOMBRE DE PERSONA
Nombre de persona Mendoza, Mario,
Fechas asociadas al nombre 1964-
240 10 - TÍTULO UNIFORME
Título uniforme Bogotá-Bibliografía regional
245 13 - MENCIÓN DE TÍTULO
Título El mensajero de Agartha 7:
Resto del título El hijo del carpintero/
Mención de responsabilidad, etc. Mario Mendoza ; ilustraciones Book and Play Studio.
260 ## - PUBLICACIÓN, DISTRIBUCIÓN, ETC.
Lugar de publicación, distribución, etc. Bogotá :
Nombre del editor, distribuidor, etc. Editorial Planeta Colombiana,
Fecha de publicación, distribución, etc. 2017.
300 ## - DESCRIPCIÓN FÍSICA
Extensión 191 páginas :
Otras características físicas ilustraciones ;
Dimensiones 21 cm.
500 ## - NOTA GENERAL
Nota general Taú, el Señor de los Ojos Infinitos, auténtico rey de la selva, ha desatado su poder maligno en la región. Por esos días, empiezan a presentarse numerosos casos de posesiones demoníacas, muertes y accidentes.<br/><br/>Esta historia llega a oídos de Felipe, debido a una extraña estatuilla que encuentra en casa de su amigo Samir, quien ha caído gravemente enfermo y perdido la razón de manera inexplicable. La estatuilla es una representación del Señor de los Ojos Infinitos y contiene un gran poder.<br/><br/>La misión encomendada esta vez al mensajero de Agartha consiste en realizar, en compañía de Elvis y su tío, un viaje al Amazonas brasileño, donde deberán encontrarse con Yoi y con Yauré para entregarles la estatuilla, quienes sabrán qué hacer con ella y buscarán la forma de hacer regresar dicha deidad de nuevo al inframundo.
650 #4 - PUNTO DE ACCESO ADICIONAL DE MATERIA--TÉRMINO DE MATERIA
Término de materia o nombre geográfico como elemento de entrada Novela juvenil colombiana.
650 #4 - PUNTO DE ACCESO ADICIONAL DE MATERIA--TÉRMINO DE MATERIA
Término de materia o nombre geográfico como elemento de entrada Novela fant�stica.
650 #4 - PUNTO DE ACCESO ADICIONAL DE MATERIA--TÉRMINO DE MATERIA
Término de materia o nombre geográfico como elemento de entrada Desastres naturales
Subdivisión de forma Novela juvenil.
650 #4 - PUNTO DE ACCESO ADICIONAL DE MATERIA--TÉRMINO DE MATERIA
Término de materia o nombre geográfico como elemento de entrada Viajes
Subdivisión de forma Novela juvenil.
710 2# - PUNTO DE ACCESO ADICIONAL--NOMBRE DE ENTIDAD CORPORATIVA
Nombre de entidad corporativa o nombre de jurisdicción como elemento de entrada Book and Play Studio,
Término indicativo de función/relación ilustrador.
942 ## - ELEMENTOS DE PUNTO DE ACCESO ADICIONAL (KOHA)
Fuente del sistema de clasificación o colocación
Tipo de ítem Koha Libro Literatura
949 ## - PROCESAMIENTO DE INFORMACIÓN LOCAL (OCLC)
a c
b c
Existencias
Estado de retiro Estado de pérdida Fuente del sistema de clasificación o colocación Estado dañado No para préstamo Código de colección Localización permanente Ubicación/localización actual Fecha de adquisición Fuente de adquisición Total de préstamos Renovaciones totales Signatura topográfica completa Código de barras Fecha visto por última vez Fecha del último préstamo Número de copia Precio válido a partir de Tipo de ítem Koha Nota pública
          Literatura Infantil Biblioteca Pública San Juan Bosco Biblioteca Pública San Juan Bosco 04/08/2021 COMPRA 9 1 JN MENm MOS501413 31/03/2026 19/03/2026 ej 1 04/08/2021 Libro Literatura Quince dias
          Literatura Infantil Biblioteca Pública San Juan Bosco Biblioteca Pública San Juan Bosco 04/08/2021 COMPRA 6 3 JN MENm MOS501415 29/07/2025 12/07/2025 ej 2 04/08/2021 Libro Literatura Quince dias

© Todos los derechos reservados para la Biblioteca Pública Municipal San Juan Bosco, 2020
Secretaria de Cultura de Mosquera
Carrera 3 N° 10 Esquina Centro Cultural Barrio El Carmén Teléfono: 8270830 Ext: 34
Funcionando con KOHA
Contacto: Biblioteca Pública Municipal San Juan Bosco/ bibliotecasanjuanbosco@mosquera-cundinamarca.gov.co
Mosquera, Cundinamarca